[Event "BCF-chT3W 2223 (4NCL)"]
[Site "England"]
[Date "2023.02.05"]
[Round "6.55"]
[White "Fernando, Manel"]
[Black "Wills, Tom"]
[Result "0-1"]
[WhiteElo "1492"]
[BlackElo "2074"]
[PlyCount "52"]
[EventDate "2022.10.22"]
[EventType "team-tourn"]
[EventRounds "11"]
[EventCountry "ENG"]
[SourceTitle "EXT 2024"]
[Source "ChessBase"]
[SourceDate "2023.10.10"]
[SourceVersion "1"]
[SourceVersionDate "2023.10.10"]
[SourceQuality "1"]
[WhiteTeam "Brown Jack"]
[BlackTeam "Chessable White Rose III"]
[WhiteTeamCountry "ENG"]
[BlackTeamCountry "ENG"]

1. d4 d5 2. Nf3 Nf6 3. Bf4 c5 4. e3 Nc6 5. h3 Qb6 6. b3 cxd4 7. exd4 Bf5 8. c3 Rc8 9. Be2 Ne4 10. 0-0 h6 11. Be3 e6 12. Ne5 Be7 13. c4 Qa5 14. Nxc6 Rxc6 15. Bd3 0-0 16. a4 dxc4 17. Bxc4 Rd8 18. Qh5 Nf6 19. Qe2 a6 20. Nd2 Nd5 21. Qf3 Nxe3 22. fxe3 Qxd2 23. Rf2 Qc3 24. Raf1 Bg6 25. d5 exd5 26. Bxd5 Rf6 0-1

[Event "Leamington Spa 4NCL op-C 28th"]
[Site "Leamington Spa"]
[Date "2022.07.10"]
[Round "5"]
[White "Fernando, Manel"]
[Black "Bullock, Lee"]
[Result "1-0"]
[WhiteElo "1651"]
[BlackElo "1582"]
[PlyCount "165"]
[EventDate "2022.07.08"]
[EventType "swiss"]
[EventRounds "5"]
[EventCountry "ENG"]
[SourceTitle "CBM 209 Extra"]
[Source "ChessBase"]
[SourceDate "2022.09.30"]
[SourceVersion "1"]
[SourceVersionDate "2022.09.30"]
[SourceQuality "1"]

1. d4 Nf6 2. Nf3 d6 3. Bf4 Nbd7 4. h3 c6 5. e3 Qb6 6. Qc1 e5 7. dxe5 dxe5 8. Nxe5 Qa5+ 9. Qd2 Bb4 10. c3 Nxe5 11. Bxe5 Qxe5 12. cxb4 Ne4 13. Qd4 Qxd4 14. exd4 0-0 15. Bd3 Re8 16. 0-0 Bf5 17. Rd1 Rad8 18. Bf1 Ng5 19. Nc3 Ne6 20. d5 cxd5 21. Nxd5 Be4 22. Bb5 Rf8 23. Ne7+ Kh8 24. f3 Bc2 25. Rxd8 Rxd8 26. Rc1 Nd4 27. Bc4 a6 28. Kf1 Rd7 29. Re1 g6 30. Bxf7 Kg7 31. Bc4 b5 32. Bd5 Bd3+ 33. Kf2 Kf8 34. Be4 Nc2 35. Rd1 Nxb4 36. Nc6 Nxc6 37. Bxc6 Rc7 38. Rxd3 Rxc6 39. Rd2 Rc7 40. Ke2 Re7+ 41. Kd1 Kf7 42. a3 Rc7 43. Rd3 a5 44. Kd2 Kf6 45. Rc3 Rd7+ 46. Kc2 Re7 47. Rc6+ Kf7 48. Rd6 Re2+ 49. Rd2 Re7 50. g4 Kf6 51. f4 Re4 52. Rd6+ Ke7 53. Rd5 Rc4+ 54. Kd3 Rxf4 55. Rxb5 Rf3+ 56. Kc4 a4 57. Kb4 Rxh3 58. Kxa4 Rh4 59. Rb4 Kd6 60. Kb5 Kc7 61. a4 h5 62. Rc4+ Kb7 63. gxh5 Rxh5+ 64. Rc5 Rh2 65. b4 Rh5 66. a5 Ka7 67. Kc6 Ka6 68. Kd6 Kb7 69. Rxh5 gxh5 70. Ke5 Kc6 71. Kf4 Kb5 72. Kg5 Ka6 73. Kxh5 Kb5 74. Kg5 Ka6 75. Kf5 Kb5 76. Ke5 Ka6 77. Kd5 Kb5 78. Kd6 Ka6 79. Kc6 Ka7 80. b5 Kb8 81. a6 Ka8 82. Kc7 Ka7 83. b6+ 1-0

[Event "Leamington Spa 4NCL op-C 28th"]
[Site "Leamington Spa"]
[Date "2022.07.09"]
[Round "2"]
[White "Ravi, Vash"]
[Black "Fernando, Manel"]
[Result "1/2-1/2"]
[WhiteElo "1484"]
[BlackElo "1651"]
[PlyCount "87"]
[EventDate "2022.07.08"]
[EventType "swiss"]
[EventRounds "5"]
[EventCountry "ENG"]
[SourceTitle "CBM 209 Extra"]
[Source "ChessBase"]
[SourceDate "2022.09.30"]
[SourceVersion "1"]
[SourceVersionDate "2022.09.30"]
[SourceQuality "1"]

1. e4 e5 2. Nf3 Nc6 3. Bc4 Be7 4. c3 d6 5. d3 Bg4 6. Nbd2 Nf6 7. 0-0 0-0 8. Re1 a6 9. a4 Na5 10. Ba2 c5 11. b4 cxb4 12. c4 Rc8 13. Rb1 Nc6 14. Nf1 a5 15. Ng3 Nd4 16. Nf5 Nxf3+ 17. gxf3 Bxf5 18. exf5 Qd7 19. f4 Qxf5 20. fxe5 dxe5 21. d4 Ng4 22. f3 Qg6 23. fxg4 Rcd8 24. Bb2 e4 25. Re2 Qxg4+ 26. Rg2 Qf4 27. d5 f6 28. Qe2 Bc5+ 29. Kh1 Rd7 30. Rf1 Qd6 31. Qxe4 Re7 32. Qh4 Ref7 33. Bd4 b6 34. Bb1 g6 35. Bxg6 hxg6 36. Rxg6+ Rg7 37. Rgxf6 Rxf6 38. Bxf6 Qf8 39. Rd1 Be7 40. Rf1 Bxf6 41. Qxf6 Qc5 42. Rd1 Qe3 43. Rf1 b3 44. Qf8+ 1/2-1/2

[Event "ENG-ch rapid (Women)"]
[Site "London"]
[Date "2019.12.07"]
[Round "5"]
[White "Watson, Scarlet"]
[Black "Fernando, Manel"]
[Result "1-0"]
[WhiteElo "1162"]
[BlackElo "1532"]
[PlyCount "99"]
[EventDate "2019.12.07"]
[EventType "swiss (rapid)"]
[EventRounds "7"]
[EventCountry "ENG"]
[SourceTitle "CBM 195 Extra"]
[Source "ChessBase"]
[SourceDate "2020.05.31"]
[SourceVersion "1"]
[SourceVersionDate "2020.05.31"]
[SourceQuality "1"]

1. d4 d5 2. c4 c6 3. Nc3 Nf6 4. g3 e6 5. Bg2 Be7 6. Bf4 0-0 7. e3 Nbd7 8. Nge2 Re8 9. 0-0 Bf8 10. e4 Nh5 11. cxd5 cxd5 12. exd5 e5 13. Bd2 exd4 14. Nxd4 Nhf6 15. h4 Nb6 16. Bg5 h6 17. Bxf6 Qxf6 18. b3 a6 19. Re1 Rd8 20. Ne4 Qg6 21. Rc1 Nxd5 22. h5 Qb6 23. a4 Bb4 24. Re2 Nf6 25. Nxf6+ Qxf6 26. Be4 Bg4 27. Bc2 Bxe2 28. Qxe2 Re8 29. Qd3 g6 30. hxg6 Re1+ 31. Rxe1 Bxe1 32. gxf7+ Qxf7 33. Nf5 Kf8 34. Nxh6 Qxf2+ 35. Kh1 Qxg3 36. Qf5+ Ke7 37. Qf7+ Kd6 38. Nf5+ Kc6 39. Nxg3 Bxg3 40. Be4+ Kb6 41. Qe6+ Ka7 42. Qd7 Rb8 43. Qd4+ Ka8 44. Qc4 Ka7 45. Kg2 Bh4 46. Qd4+ Ka8 47. b4 Bd8 48. b5 axb5 49. axb5 Rc8 50. Qd5 1-0

[Event "London Classic op U1750 11th"]
[Site "London"]
[Date "2019.12.03"]
[Round "2"]
[White "McKenna, John R"]
[Black "Fernando, Manel"]
[Result "1/2-1/2"]
[WhiteElo "1586"]
[BlackElo "1476"]
[PlyCount "117"]
[EventDate "2019.12.02"]
[EventType "swiss"]
[EventRounds "5"]
[EventCountry "ENG"]
[SourceTitle "CBM 195 Extra"]
[Source "ChessBase"]
[SourceDate "2020.05.31"]
[SourceVersion "1"]
[SourceVersionDate "2020.05.31"]
[SourceQuality "1"]

1. Nf3 d6 2. d4 Nf6 3. c4 e6 4. Nc3 Be7 5. g3 c6 6. Bg2 d5 7. Ne5 Nbd7 8. Bf4 0-0 9. 0-0 Nh5 10. Nxd7 Bxd7 11. e3 Nxf4 12. exf4 dxc4 13. Qe2 Qb6 14. Rfd1 Rad8 15. Rac1 Rfe8 16. Na4 Qa5 17. Nc5 Bxc5 18. dxc5 Qxc5 19. Qxc4 Qb6 20. Qd4 Qa6 21. Qc4 Qa5 22. b4 Qh5 23. Rd6 Bc8 24. Qc5 Qe2 25. a4 Rxd6 26. Qxd6 h6 27. Rd1 e5 28. Bf1 Qe4 29. Bg2 Qf5 30. fxe5 Rxe5 31. h4 Re8 32. Qc5 Qxc5 33. bxc5 g6 34. Kf1 Kf8 35. Rd6 Be6 36. Rd4 a6 37. a5 Ke7 38. Rb4 Bc8 39. Re4+ Be6 40. Rb4 Bc8 41. Re4+ Kd8 42. Rd4+ Kc7 43. Rf4 f5 44. Bf3 Re5 45. Rc4 Be6 46. Rc3 Bd5 47. Bd1 Re4 48. Bc2 Rc4 49. Rxc4 Bxc4+ 50. Ke1 h5 51. Kd2 Kd7 52. Kc3 Bd5 53. Kd4 Ke6 54. f4 Kf6 55. Bd3 Ke6 56. Bc2 Be4 57. Bxe4 fxe4 58. Kxe4 Kf6 59. Ke3 1/2-1/2

[Event "BCF-chT4S 1819 (4NCL)"]
[Site "England"]
[Date "2019.05.04"]
[Round "9.155"]
[White "Fernando, Manel"]
[Black "Mize, Dylan"]
[Result "0-1"]
[WhiteElo "1486"]
[BlackElo "1567"]
[PlyCount "84"]
[EventDate "2018.11.17"]
[EventType "team-swiss"]
[EventRounds "11"]
[EventCountry "ENG"]
[SourceTitle "EXT 2021"]
[Source "ChessBase"]
[SourceDate "2020.10.23"]
[SourceVersion "1"]
[SourceVersionDate "2020.10.23"]
[SourceQuality "1"]
[WhiteTeam "The Pitstop"]
[BlackTeam "All Anands on Deck"]
[WhiteTeamCountry "ENG"]
[BlackTeamCountry "ENG"]

1. d4 d5 2. Nf3 Nf6 3. Bf4 c5 4. e3 Nc6 5. Nbd2 Qb6 6. dxc5 Qxb2 7. Bd3 Qc3 8. 0-0 e5 9. Bg5 e4 10. Bxf6 Qxf6 11. Bxe4 dxe4 12. Nxe4 Qg6 13. Ng3 Bxc5 14. Nh4 Qg4 15. Qd5 Qxh4 16. Qxc5 Qb4 17. Qg5 0-0 18. f4 Qc3 19. f5 Re8 20. Rae1 f6 21. Qf4 Ne5 22. Nh5 Qxc2 23. Qg3 Re7 24. Nxf6+ Kh8 25. Nxh7 Bxf5 26. Ng5 Ng4 27. e4 Qc5+ 28. Kh1 Bd7 29. h3 Nh6 30. Qh4 Kg8 31. Rf4 Re5 32. Nf3 Rh5 33. Qg3 Qe7 34. Rf1 Rf8 35. Nd4 Rxf4 36. Qxf4 Rh4 37. Qb8+ Kh7 38. Qxb7 Qd6 39. Nf5 Nxf5 40. exf5 Rxh3+ 41. Kg1 Bc6 42. Qb1 Qh2+ 0-1

[Event "London Chess Classic op 10th"]
[Site "London"]
[Date "2018.12.11"]
[Round "3"]
[White "Tighe, Kevin J"]
[Black "Fernando, Manel"]
[Result "0-1"]
[WhiteElo "1241"]
[BlackElo "1555"]
[PlyCount "28"]
[EventDate "2018.12.09"]
[EventType "swiss"]
[EventRounds "5"]
[EventCountry "ENG"]
[SourceTitle "EXT 2021"]
[Source "ChessBase"]
[SourceDate "2020.10.23"]
[SourceVersion "1"]
[SourceVersionDate "2020.10.23"]
[SourceQuality "1"]

1. d4 d5 2. f4 Nf6 3. e3 Bf5 4. Bd3 Ne4 5. Nf3 e6 6. 0-0 Be7 7. Bd2 0-0 8. Be1 Nd7 9. Nbd2 Ndf6 10. Ne5 c5 11. c3 cxd4 12. cxd4 Rc8 13. Ndf3 Ng4 14. Be2 Nxe3 0-1

[Event "GBR-ch U1750 op 105th"]
[Site "Hull"]
[Date "2018.08.02"]
[Round "4"]
[White "Varley, Joe"]
[Black "Fernando, Manel"]
[Result "1/2-1/2"]
[WhiteElo "1600"]
[BlackElo "1502"]
[PlyCount "106"]
[EventDate "2018.07.30"]
[EventType "swiss"]
[EventRounds "5"]
[EventCountry "ENG"]
[SourceTitle "EXT 2021"]
[Source "ChessBase"]
[SourceDate "2020.10.23"]
[SourceVersion "1"]
[SourceVersionDate "2020.10.23"]
[SourceQuality "1"]

1. e4 e5 2. Nf3 Nc6 3. Bb5 d6 4. d4 Bd7 5. 0-0 exd4 6. Nxd4 Nf6 7. Re1 Be7 8. c4 0-0 9. Bxc6 bxc6 10. Nc3 Re8 11. c5 Rb8 12. Qc2 Rb4 13. Nb3 Be6 14. Na5 Qd7 15. a3 Rbb8 16. Qa4 dxc5 17. Rd1 Qc8 18. Nxc6 Bb3 19. Qxa7 Ra8 20. Nxe7+ Rxe7 21. Qxc5 Qe6 22. Re1 Rae8 23. Bg5 h6 24. Bxf6 Qxf6 25. Nd5 Bxd5 26. Qxd5 Qxb2 27. f3 Re5 28. Qc6 R8e7 29. Red1 Rg5 30. g3 Rh5 31. h4 Re6 32. Qxc7 Rf6 33. Qd8+ Kh7 34. Qd3 Qb6+ 35. Kg2 Rg6 36. Kh3 Qf2 37. Rg1 Rxh4+ 38. gxh4 Rxg1 39. Rxg1 Qxg1 40. e5+ g6 41. Qe2 Qh1+ 42. Kg4 h5+ 43. Kf4 Qxh4+ 44. Ke3 Qe7 45. Qb2 Qc5+ 46. Ke4 Qc6+ 47. Ke3 Qc5+ 48. Ke4 Qc4+ 49. Qd4 Qa6 50. a4 g5 51. Ke3 Qa5 52. Qe4+ Kg7 53. Qd4 Qe1+ 1/2-1/2

[Event "GBR-ch U1750 op 105th"]
[Site "Hull"]
[Date "2018.07.30"]
[Round "1"]
[White "Fernando, Manel"]
[Black "Rathbone Jones, Ifan"]
[Result "1-0"]
[WhiteElo "1502"]
[BlackElo "1703"]
[PlyCount "111"]
[EventDate "2018.07.30"]
[EventType "swiss"]
[EventRounds "5"]
[EventCountry "ENG"]
[SourceTitle "EXT 2021"]
[Source "ChessBase"]
[SourceDate "2020.10.23"]
[SourceVersion "1"]
[SourceVersionDate "2020.10.23"]
[SourceQuality "1"]

1. d4 d5 2. Nf3 Bf5 3. Bf4 Nf6 4. e3 e6 5. Be2 c5 6. c3 Nc6 7. Nbd2 Be7 8. Ne5 0-0 9. 0-0 Nh5 10. Bxh5 Nxe5 11. dxe5 g5 12. Bg3 f6 13. Bg4 Qe8 14. Bxf5 exf5 15. Nf3 Rd8 16. Qc2 fxe5 17. Bxe5 g4 18. Ne1 h5 19. Rd1 b5 20. Nd3 Rd7 21. Nf4 Bg5 22. Nd3 Be7 23. Nf4 Bg5 24. Nd3 Be7 25. Bf4 c4 26. Ne1 Qg6 27. f3 Bc5 28. fxg4 Qxg4 29. Nf3 Qxf4 30. Kh1 Qxe3 31. Nd4 Bxd4 32. Rxd4 Rf6 33. h3 Qg5 34. Rdf4 Rdf7 35. Qf2 a6 36. Qc5 Kg7 37. Qxd5 Kg6 38. Qf3 Rd6 39. h4 Qd8 40. Qg3+ Kh6 41. Rxf5 Rxf5 42. Rxf5 Rd1+ 43. Kh2 Qd6 44. Re5 Qf6 45. Qe3+ Kg7 46. Rxh5 Qd6+ 47. Re5 Rd3 48. Qg5+ Kf7 49. g3 Rd2+ 50. Kh3 Rxb2 51. Qf5+ Kg7 52. Re6 Qxe6 53. Qxe6 Rxa2 54. h5 Ra1 55. Qg6+ Kh8 56. h6 1-0

[Event "GBR-ch U1750 op 104th"]
[Site "Llandudno"]
[Date "2017.08.04"]
[Round "5"]
[White "Verma, Shlok"]
[Black "Fernando, Manel"]
[Result "1-0"]
[WhiteElo "1553"]
[BlackElo "1611"]
[PlyCount "87"]
[EventDate "2017.07.31"]
[EventType "swiss"]
[EventRounds "5"]
[EventCountry "WLS"]
[SourceTitle "EXT 2019"]
[Source "ChessBase"]
[SourceDate "2018.10.10"]
[SourceVersion "1"]
[SourceVersionDate "2018.10.10"]
[SourceQuality "1"]

1. d4 d5 2. c4 e6 3. Nc3 Nf6 4. Nf3 Be7 5. Bg5 Nbd7 6. e3 c6 7. cxd5 cxd5 8. Bd3 0-0 9. 0-0 b6 10. Rc1 Re8 11. Nb5 Rf8 12. Bf4 Ne8 13. Qc2 Ndf6 14. a4 Bb7 15. Bc7 Nxc7 16. Qxc7 Ba6 17. Qxd8 Raxd8 18. Rc7 Bxb5 19. Bxb5 Bd6 20. Rxa7 Bb4 21. Rc7 Ba5 22. Rfc1 Ne8 23. Bxe8 Rfxe8 24. Ne5 Rf8 25. Nc6 Ra8 26. b4 Bxb4 27. Nxb4 Rxa4 28. Nc6 h6 29. h3 Rfa8 30. Rc8+ Rxc8 31. Ne7+ Kh7 32. Nxc8 Rb4 33. Rc6 Rb1+ 34. Kh2 b5 35. Rb6 b4 36. Nd6 Kg6 37. Kg3 b3 38. Rb7 b2 39. Nxf7 Kf5 40. Nd6+ Kg6 41. Nf7 Kf5 42. Kf3 h5 43. Ne5 g6 44. h4 1-0